Loading...
| Mythology | 0 | 3 | 0 | 1 | 30 | 138 | 143.00 | 0 | 1 |
| Literature - World Literature | 0 | 2 | 0 | 2 | 20 | 147 | 149.50 | 0 | 2 |
| Literature - European Literature | 0 | 1 | 0 | 0 | 10 | 128 | 128.00 | 0 | 1 |
| Science - Biology | 1 | 0 | 1 | 0 | 10 | 58 | 58.00 | 1 | 1 |
| Science - Physics | 0 | 1 | 0 | 1 | 10 | 125 | 125.00 | 0 | 0 |
| Fine Arts - Other Fine Arts | 0 | 1 | 1 | 0 | 5 | 101 | 101.00 | 0 | 1 |
| Social Science | 0 | 0 | 0 | 0 | 0 | 0.00 | 0 | 0 | |
| Literature - American Literature | 0 | 0 | 0 | 0 | 0 | 0.00 | 0 | 0 | |
| Literature - British Literature | 0 | 0 | 0 | 0 | 0 | 0.00 | 0 | 0 | |
| Philosophy | 0 | 0 | 0 | 0 | 0 | 0.00 | 0 | 0 | |
| Religion | 0 | 0 | 0 | 0 | 0 | 0.00 | 0 | 0 | |
| Science - Chemistry | 0 | 1 | 2 | 0 | 0 | 121 | 121.00 | 0 | 0 |